Learning Resource and Development

Conducting & reading research in kinesiology / (Record no. 26787)

MARC details
000 -LEADER
fixed length control field 02002cam a2200385 i 4500
003 - CONTROL NUMBER IDENTIFIER
control field CSPC
005 - DATE AND TIME OF LATEST TRANSACTION
control field 20240911172833.0
008 - FIXED-LENGTH DATA ELEMENTS--GENERAL INFORMATION
fixed length control field 240110s2021 maua b 001 0 eng
010 ## - LIBRARY OF CONGRESS CONTROL NUMBER
LC control number 2019012509
020 ## - INTERNATIONAL STANDARD BOOK NUMBER
International Standard Book Number 9781284157536
035 ## - SYSTEM CONTROL NUMBER
System control number (DNLM)101743998
040 ## - CATALOGING SOURCE
Original cataloging agency DNLM/DLC
Transcribing agency DLC
Description conventions rda
Modifying agency CSPC
Language of cataloging eng
042 ## - AUTHENTICATION CODE
Authentication code pcc
050 00 - LIBRARY OF CONGRESS CALL NUMBER
Classification number R850
Item number .B365 2020
060 10 - NATIONAL LIBRARY OF MEDICINE CALL NUMBER
Classification number WB 890
082 00 - DEWEY DECIMAL CLASSIFICATION NUMBER
Classification number 610.72
Item number B327c
Edition number 23
100 1# - MAIN ENTRY--PERSONAL NAME
Personal name Baumgartner, Ted A.,
Relator term author.
245 10 - TITLE STATEMENT
Title Conducting & reading research in kinesiology /
Statement of responsibility, etc. Ted A. Baumgartner, [and 3 others].
246 ## - VARYING FORM OF TITLE
Title proper/short title Conducting and reading research in kinesiology
250 ## - EDITION STATEMENT
Edition statement Sixth edition.
264 #1 - PRODUCTION, PUBLICATION, DISTRIBUTION, MANUFACTURE, AND COPYRIGHT NOTICE
Place of production, publication, distribution, manufacture Burlington, Massachusetts :
Name of producer, publisher, distributor, manufacturer Jones & Bartlett Learning,
Date of production, publication, distribution, manufacture, or copyright notice 2021.
300 ## - PHYSICAL DESCRIPTION
Extent xviii, 329 pages :
Other physical details illustrations ;
Dimensions 28 cm.
336 ## - CONTENT TYPE
Content type term text
Source rdacontent
337 ## - MEDIA TYPE
Media type term unmediated
Source rdamedia
338 ## - CARRIER TYPE
Carrier type term volume
Source rdacarrier
504 ## - BIBLIOGRAPHY, ETC. NOTE
Bibliography, etc. note Includes bibliographical references and index.
505 0# - FORMATTED CONTENTS NOTE
Formatted contents note The nature, purpose, and overall process of research -- Descriptive research -- Experimental research -- Qualitative research -- Historical research and action research -- Epidemiological research -- Understanding the research process -- Reviewing the literature -- Reading, evaluating, and summarizing research reports -- Developing the research plan and grant application -- Ethical issues in research -- Recruiting and selecting research participants -- Measurement in research -- Descriptive data analysis -- Inferential data analysis -- Qualitative and mixed data analysis -- Developing a research proposal -- Writing a research report.
650 12 - SUBJECT ADDED ENTRY--TOPICAL TERM
Topical term or geographic name entry element Kinesiology, Applied
650 12 - SUBJECT ADDED ENTRY--TOPICAL TERM
Topical term or geographic name entry element Research.
700 1# - ADDED ENTRY--PERSONAL NAME
Personal name Hensley, Larry D.
Fuller form of name (Larry Duncan),
Dates associated with a name 1948-
Relator term author.
700 1# - ADDED ENTRY--PERSONAL NAME
Personal name Zhu, Weimo,
Dates associated with a name 1955-
Relator term author.
700 1# - ADDED ENTRY--PERSONAL NAME
Personal name Kulinna, Pamela Hodges,
Relator term author.
942 ## - ADDED ENTRY ELEMENTS (KOHA)
Source of classification or shelving scheme Dewey Decimal Classification
Koha item type Books
Classification part 610.72
Item part B327c
Call number prefix CIR
Call number suffix 2021
Suppress in OPAC No
Edition 23
Holdings
Withdrawn status Lost status Source of classification or shelving scheme Damaged status Not for loan Home library Current library Shelving location Date acquired Total Checkouts Full call number Barcode Date last seen Copy number Price effective from Koha item type
    Dewey Decimal Classification     Main Library Main Library Circulation Section 01/10/2024   CIR 610.72 B327c 2021 026706 01/10/2024 1-2 01/10/2024 Books
    Dewey Decimal Classification     Main Library Main Library Circulation Section 09/11/2024   CIR 610.72 B327c 2021 028292 09/11/2024 2-2 09/11/2024 Books